Al-Yousi; problèmes de la culture marocaine au XVIIIème siècle / (Record no. 23722)

MARC details
000 -LEADER
fixed length control field 00871cam a2200265u 4500
001 - CONTROL NUMBER
control field 10444073
003 - CONTROL NUMBER IDENTIFIER
control field BDDh-ASL
005 - DATE AND TIME OF LATEST TRANSACTION
control field 20231015030259.0
008 - FIXED-LENGTH DATA ELEMENTS--GENERAL INFORMATION
fixed length control field 810114s1958 fr 000 0 fre
010 ## - LIBRARY OF CONGRESS CONTROL NUMBER
LC control number 77406012
040 ## - CATALOGING SOURCE
Original cataloging agency DLC
Transcribing agency CarP
Modifying agency DLC
-- BDDh-ASL
043 ## - GEOGRAPHIC AREA CODE
Geographic area code f-mr---
050 00 - LIBRARY OF CONGRESS CALL NUMBER
Classification number BP80.Y78
Item number B4
082 ## - DEWEY DECIMAL CLASSIFICATION NUMBER
Classification number 922
Item number BEA
100 1# - MAIN ENTRY--PERSONAL NAME
Personal name Berque, Jacques.
245 00 - TITLE STATEMENT
Title Al-Yousi; problèmes de la culture marocaine au XVIIIème siècle /
260 ## - PUBLICATION, DISTRIBUTION, ETC.
Place of publication, distribution, etc. Paris :
Name of publisher, distributor, etc. Mouton,
Date of publication, distribution, etc. 1958.
300 ## - PHYSICAL DESCRIPTION
Extent 144 p. :
Dimensions 24 cm.
600 10 - SUBJECT ADDED ENTRY--PERSONAL NAME
Personal name Yūsī, al-Ḥasan ibn Masʻūd,
Dates associated with a name 1630 or 1631-1691.
651 #0 - SUBJECT ADDED ENTRY--GEOGRAPHIC NAME
Geographic name Morocco
General subdivision Civilization.
740 0# - ADDED ENTRY--UNCONTROLLED RELATED/ANALYTICAL TITLE
Uncontrolled related/analytical title Problèmes de la culture marocaine au XVIIIème siècle.
830 #0 - SERIES ADDED ENTRY--UNIFORM TITLE
Uniform title Monde d'outre-mer, passé et présent.
Number of part/section of a work Première série,
Name of part/section of a work Etudes ;
Volume/sequential designation 2.
906 ## - LOCAL DATA ELEMENT F, LDF (RLIN)
a 0
b cbc
c premunv
d u
e ncip
f 19
g y-gencatlg
942 ## - ADDED ENTRY ELEMENTS (KOHA)
Source of classification or shelving scheme Dewey Decimal Classification
Koha item type Books
Holdings
Withdrawn status Lost status Source of classification or shelving scheme Damaged status Not for loan Collection code Home library Current library Shelving location Date acquired Source of acquisition Total Checkouts Full call number Barcode Date last seen Copy number Price effective from Koha item type Public note
    Dewey Decimal Classification     Non-fiction Asiatic Society Library Asiatic Society Library General Stacks 04/03/2021 ASB Library Collections   922 BEA 108231 04/03/2021 C-1 04/03/2021 Books RARE

Powered by Koha